Datum a čas kvízu
35
Celkem bodů
Celkový počet nahraných bodů na tomto kvízu bez doplňovacích otázek.
1.
Pořadí na kvízu
Konečné umístění týmu na tomto kvízu.
Zaznamenané odpovědi
| # | Otázka | Odpověď | Body | Výsledky |
|---|---|---|---|---|
| 1. | Řídit soupravu pražského metra... | 0 | ||
| 2. | Loď slavného polárního badatel... | 0 | ||
| 3. | Americký herec, známý mimo jin... | 1 | ||
| 4. | Známá vltavská Barevná skála j... | 1 | ||
| 5. | Sedm let po svatbě se jejich c... | 1 | ||
| 6. | Partnerem Hospodského kvízu se... | 1 | ||
| 7. | Když se řekne rum, může to něk... | 1 | ||
| 8. | Jak se dvěma cizími slovy nazý... | 0 | ||
| 9. | Napište podtitul prvního dílu... | 1 | ||
| 10. | Ikonou rumů značky Captain Mor... | 0 |